| 000 | 00534nam a2200193 a 4500 | ||
|---|---|---|---|
| 005 | 20220608063501.0 | ||
| 008 | 090831s2004 es r 000 0 spa d | ||
| 020 | _a8497646290 | ||
| 035 | _aUPN01000172154 | ||
| 049 | _aCG | ||
| 050 | 4 |
_aPN6071 D4.5 _bR4.4 |
|
| 245 | 0 | 0 |
_aRelatos policiacos / _cselec. de Manuel Yáñez Solana. |
| 260 |
_aMadrid : _bEdimat, _c2004. |
||
| 300 | _a159 p. | ||
| 440 | 0 | _aEclipse | |
| 650 | 0 |
_aCuentos policíacos y de misterio _92405 |
|
| 700 | 1 |
_aYáñez Solana, Manuel, _ecomp. |
|
| 905 | _aLibro | ||
| 999 |
_c144258 _d144258 |
||